| 000 | 00942nam a22002417a 4500 | ||
|---|---|---|---|
| 003 | SEM | ||
| 005 | 20260617171123.0 | ||
| 008 | 260617s1984 ai ||||gr||||||01|||arm|d | ||
| 040 |
_aSEM _cSEM |
||
| 041 |
_aarm _heng |
||
| 080 | _a820(73)-3/Կ-96 | ||
| 100 | _aԿուպեր, Ջեյմս Ֆենիմոր | ||
| 245 |
_aԼրտեսը: _bՊատմություն չեզոք տերիտորիայի մասին / _cՋ. Ֆ. Կուպեր ; Թարգմ.՝ Ա. Խաչատրյան ; Խմբ.՝ Դ. Հովհաննես |
||
| 260 |
_aԵրևան : _bՍովետ. գրող, _c1984. |
||
| 300 |
_a448 էջ ; _bնկ. ; _c21 սմ |
||
| 490 | _aԱրկածային գրադարան | ||
| 650 |
_aԱմերիկյան գրականություն _xարձակ |
||
| 653 | _aՍԷՄ | ||
| 700 |
_aՀովհաննես, Դավիթ _eխմբ. _4edt. |
||
| 700 |
_aԽաչատրյան, Ա. _eթարգմ. _4edt. |
||
| 830 | _aԱրկածային գրադարան | ||
| 942 |
_2udc _cBK _n0 |
||
| 999 |
_c77304 _d77304 |
||